Tout les jeux Mario - Statistiques

Statistiques générales
  • Ce quiz a été pris 36 fois
  • Le résultat moyen est 20 sur 197
Statistiques - réponses
Hint Réponse % Correct
Années 1980 Mario Bros.
70%
Jeux secondaires Mario Kart 8
70%
Années 1980 Super Mario Bros.
67%
Années 2000 Super Mario Galaxy
60%
Années 1990 Super Mario 64
57%
Années 2010 Super Mario Galaxy 2
50%
Années 2010 Super Mario Odyssey
50%
Années 2000 Super Mario Sunshine
50%
Jeux secondaires Mario Kart 7
47%
Jeux secondaires Mario Kart Wii
47%
Jeux secondaires Mario Party
47%
Années 1990 Donkey Kong
43%
Années 1980 Super Mario Bros. 2
43%
Jeux secondaires Super Mario Kart
43%
Années 2000 New Super Mario Bros.
40%
Années 2010 Super Mario 3D World
40%
Années 1980 Super Mario Bros. 3
40%
Remakes et compilations Mario Kart 8 Deluxe
37%
Jeux secondaires Mario Kart: Double Dash!!
37%
Jeux secondaires Mario Kart DS
37%
Jeux secondaires Mario Kart 64
33%
Années 2000 Paper Mario
33%
Jeux secondaires Mario Party 5
30%
Jeux secondaires Mario Party 6
30%
Jeux secondaires Mario Party 7
30%
Jeux secondaires Mario Party 8
30%
Années 2010 New Super Mario Bros. 2
30%
Années 2010 Super Mario Maker
30%
Années 1990 Super Mario World
30%
Remakes et compilations Luigi's Mansion
27%
Jeux secondaires Mario Party 10
27%
Jeux secondaires Mario Party 2
27%
Jeux secondaires Mario Party 3
27%
Jeux secondaires Mario Party 4
27%
Jeux secondaires Mario Party 9
27%
Années 2010 New Super Mario Bros. U
27%
Années 2000 New Super Mario Bros. Wii
27%
Années 1980 Super Mario Land
23%
Années 1990 Dr. Mario
20%
Années 2000 Mario et Luigi : Voyage au centre de Bowser
20%
Années 2010 Super Mario 3D Land
20%
Années 2020 Super Mario Bros. Wonder
20%
Années 1990 Super Mario Land 2
20%
Années 2010 Super Mario Maker 2
20%
Jeux secondaires Super Mario Party
20%
Remakes et compilations Super Mario RPG
20%
Remakes et compilations Super Mario 64 DS
17%
Années 2000 Mario vs. Donkey Kong
13%
Années 2000 Mario et Luigi : Les Frères du temps
10%
Jeux secondaires Mario Kart Super Circuit
10%
Jeux secondaires Mario Kart Tour
10%
Jeux secondaires Mario Party DS
10%
Jeux secondaires Mario Party: Island Tour
10%
Années 2010 Paper Mario: Sticker Star
10%
Remakes et compilations Super Mario All-Stars
10%
Années 1980 Super Mario Bros. The Lost Levels
10%
Jeux secondaires Super Mario Party Jamboree
10%
Années 2010 Super Mario Run
10%
Années 1990 Super Mario World 2 Yoshi's Island
10%
Années 2000 Super Paper Mario
10%
Jeux secondaires Super Smash Bros.
10%
Années 1980 Donkey Kong Jr.
7%
Années 2000 Mario and Luigi: Superstar Saga
7%
Années 1990 Mario Paint
7%
Jeux secondaires Mario Party: The Top 100
7%
Jeux secondaires Mario Slam Basketball
7%
Années 2010 Paper Mario: Color Splash
7%
Années 2000 Paper Mario : La Porte millénaire
7%
Remakes et compilations Paper Mario: La Porte millénaire
7%
Années 2020 Paper Mario: The Origami King
7%
Années 2000 | Remakes et compilations Super Mario Advance
7%
Jeux secondaires Super Smash Bros. Ultimate
7%
Années 2000 Dr. Mario 64
3%
Années 2000 Dr. Mario et Bactéricide
3%
Années 2010 Dr. Mario: Miracle Cure
3%
Années 2010 Dr. Mario World
3%
Années 1980 Golf
3%
Années 1990 Mario Clash
3%
Jeux secondaires Mario et Sonic aux Jeux olympiques de Londres 2012
3%
Jeux secondaires Mario et Sonic aux Jeux olympiques de Rio 2016
3%
Jeux secondaires Mario et Sonic aux Jeux olympiques de Tokyo 2020
3%
Jeux secondaires Mario Golf: Advance Tour
3%
Jeux secondaires Mario Golf: Super Rush
3%
Jeux secondaires Mario Golf: Toadstool Tour
3%
Jeux secondaires Mario Golf: World Tour
3%
Jeux secondaires Mario Kart Arcade GP
3%
Années 2010 Mario & Luigi: Dream Team Bros.
3%
Années 2010 Mario & Luigi: Paper Jam Bros.
3%
Jeux secondaires Mario Party Advance
3%
Jeux secondaires Mario Party Superstars
3%
Jeux secondaires Mario Power Tennis
3%
Jeux secondaires Mario Smash Football
3%
Jeux secondaires Mario Strikers: Battle League Football
3%
Jeux secondaires Mario Strikers Charged Football
3%
Jeux secondaires Mario Superstar Baseball
3%
Jeux secondaires Mario Tennis Aces
3%
Jeux secondaires Mario Tennis Open
3%
Jeux secondaires Mario Tennis: Power Tour
3%
Jeux secondaires Mario Tennis: Ultra Smash
3%
Jeux secondaires Mario + The Lapins Crétins: Kingdom Battle
3%
Jeux secondaires Mario + The Lapins Crétins: Sparks of Hope
3%
Remakes et compilations New Super Mario Bros. U Deluxe
3%
Remakes et compilations Super Mario 3D All-Stars
3%
Remakes et compilations Super Mario 3D World + Bowser's Fury
3%
Jeux secondaires Super Mario Stadium Baseball
3%
Jeux secondaires Super Smash Bros. Brawl
3%
Jeux secondaires Super Smash Bros. for Nintendo 3DS / for Wii U
3%
Années 2000 Une pause avec... Dr. Mario
3%
Jeux secondaires Wario Land: Super Mario Land 3
3%
Années 1980 Wrecking Crew
3%
Remakes et compilations All Night Nippon Super Mario Bros.
0%
Jeux secondaires Dancing Stage Mario Mix
0%
Années 1980 Donkey Kong (arcade)
0%
Années 2000 Dr. Mario and Puzzle League
0%
Jeux secondaires Excitebike: Bun Bun Mario Battle Stadium
0%
Jeux secondaires Fortune Street (Course à la Fortune)
0%
Remakes et compilations Game & Watch Gallery
0%
Remakes et compilations Game & Watch Gallery 2
0%
Remakes et compilations Game & Watch Gallery 3
0%
Remakes et compilations Game & Watch Gallery 4
0%
Années 1990 Hotel Mario
0%
Années 1980 I Am a Teacher Super Mario Sweater
0%
Jeux secondaires Itadaki Street DS
0%
Années 1980 | Remakes et compilations Kaettekita Mario Bros.
0%
Années 1990 Mario a disparu !
0%
Années 2010 Mario and Donkey Kong: Minis on the Move
0%
Années 1990 Mario Artist
0%
Années 1980 Mario Bros. (arcade)
0%
Années 1990 Mario et la Machine à remonter le temps
0%
Années 2020 Mario et Luigi : L'Épopée fraternelle
0%
Remakes et compilations Mario et Luigi : Voyage au centre de Bowser + L'épopée de Bowser Jr.
0%
Jeux secondaires Mario et Sonic aux Jeux olympiques d'hiver de Sotchi 2014
0%
Jeux secondaires Mario et Sonic aux Jeux olympiques d'hiver (Nintendo DS)
0%
Jeux secondaires Mario et Sonic aux Jeux olympiques d'hiver (Wii)
0%
Années 2000 Mario Family
0%
Jeux secondaires Mario Golf (Game Boy Color)
0%
Jeux secondaires Mario Golf (Nintendo 64)
0%
Jeux secondaires Mario Kart Arcade GP 2
0%
Jeux secondaires Mario Kart Arcade GP DX
0%
Jeux secondaires Mario Kart Arcade GP VR
0%
Remakes et compilations Mario & Luigi: Superstar Saga + Les Sbires de Bowser
0%
Années 1990 Mario no Photopi
0%
Jeux secondaires Mario Party Fushigi no Challenge World
0%
Jeux secondaires Mario Party Fushigi no Korokoro Catcher
0%
Jeux secondaires Mario Party: Star Rush
0%
Années 1980 Mario's Bombs Away
0%
Années 1980 Mario's Cement Factory
0%
Années 1990 Mario's Early Years
0%
Années 1990 Mario's Game Gallery
0%
Jeux secondaires Mario & Sonic aux Jeux olympiques (Nintendo DS)
0%
Jeux secondaires Mario & Sonic aux Jeux olympiques (Wii)
0%
Années 1990 Mario's Picross
0%
Jeux secondaires Mario Sports Mix
0%
Jeux secondaires Mario Sports Superstars
0%
Années 1990 Mario's Super Picross
0%
Jeux secondaires Mario's Tennis
0%
Années 1990 Mario Teaches Typing
0%
Années 1990 Mario Teaches Typing 2
0%
Jeux secondaires Mario Tennis (Game Boy Color)
0%
Jeux secondaires Mario Tennis (Nintendo 64)
0%
Années 1990 Mario the Juggler
0%
Jeux secondaires Mario Unkurukai
0%
Années 2000 Mario vs. Donkey Kong 2 : La Marche des Mini
0%
Années 2000 Mario vs. Donkey Kong : Le Retour des Mini !
0%
Années 2010 Mario vs. Donkey Kong : Pagaille à Mini-Land !
0%
Années 2010 Mario vs. Donkey Kong: Tipping Stars
0%
Années 1990 Mario & Wario
0%
Années 1990 Mario & Yoshi
0%
Années 2010 Mini-Mario & Friends: Amiibo Challenge
0%
Années 1990 NES Open Tournament Golf
0%
Années 2010 New Super Mario Bros. Wii Coin World
0%
Remakes et compilations Nintendo Puzzle Collection
0%
Remakes et compilations Nouvelle façon de jouer ! Mario Power Tennis
0%
Années 1990 Picross 2
0%
Années 2010 Puzzle & Dragons: Super Mario Bros. Edition
0%
Remakes et compilations Super Mario Advance 4: Super Mario Bros. 3
0%
Remakes et compilations Super Mario All-Stars - Édition 25e Anniversaire
0%
Remakes et compilations Super Mario All-Stars + Super Mario World
0%
Années 2000 Super Mario Ball
0%
Remakes et compilations Super Mario Bros. Deluxe
0%
Années 1990 Super Mario Bros. and Friends: When I Grow Up
0%
Années 1980 Super Mario Bros. Special
0%
Jeux secondaires Super Mario Fushigi no Korokoro Party
0%
Jeux secondaires Super Mario Fushigi no Korokoro Party 2
0%
Années 1990 Super Mario RPG Legend of the Seven Stars
0%
Remakes et compilations Super Mario World: Super Mario Advance 2
0%
Jeux secondaires Super Smash Bros. Melee
0%
Années 1990 Undake30 Same Game
0%
Années 1990 Wrecking Crew '98
0%
Années 1990 Yoshi's Cookie
0%
Jeux secondaires Yoshi's Island DS
0%
Remakes et compilations Yoshi's Island: Super Mario Advance 3
0%
Jeux secondaires Yoshi's New Island
0%
Années 1990 Yoshi's Safari
0%
Aucun quiz correspondant
Distribution des résultats
% des personnes avec chaque résultat
Percentile par nombre de réponses
Votre historique - résultats
Vous n’avez pas pris ce quiz